000
00276nam a22001217a 4500
082
_a
823
_b
BLY/A
100
_a
BLYTON, ENID
245
_a
AMELIA JANE GETS INTO TROUBLE
260
_a
SINGAPORE
_b
MAMMOTH
_c
1995
300
_a
130
650
_a
ENGLISH STORY
_z
SINGAPORE
942
_c
BK
999
_c
7234
_d
7234